000 nam a22 a 4500
999 _c381
_d381
003 AKMAL
005 20170503153500.0
008 170503s1995 my 00 may d
020 _a9676105317 (kkt.):
_cRM 5.50
040 _aAKMAL
082 0 4 _a006 PIL
090 _a006
_bPIL
100 1 _aPillai, Peter S.
_9828
245 1 0 _aMicrosoft works 2 /
_cPeter S . Pillai
260 _aKuala Lumpur :
_bUtusan Publications & Distributors,
_c1995
300 _a43ms. :
_bil. ;
_c26cm
650 _aMicrosoft Access
_9843
942 _2ddc
_cBOOK